[Event "VIE-ch (Women)"]
[Site "Hanoi"]
[Date "2024.03.14"]
[Round "6"]
[White "Vu, Thi Yen Chi"]
[Black "Pham, Nhu Y"]
[Result "0-1"]
[WhiteElo "1542"]
[BlackElo "1533"]
[PlyCount "74"]
[EventDate "2024.03.11"]
[EventType "swiss"]
[EventRounds "9"]
[EventCountry "VIE"]
[SourceTitle "CB13_2024"]
[SourceDate "2024.03.27"]
[SourceVersion "1"]
[SourceVersionDate "2024.03.27"]
[SourceQuality "1"]

1. e4 c6 2. d4 d5 3. Nc3 dxe4 4. Nxe4 Bf5 5. Ng3 Bg6 6. h4 h6 7. Nf3 Nd7 8. h5 Bh7 9. Bd3 Bxd3 10. Qxd3 Ngf6 11. Bd2 e6 12. 0-0-0 Be7 13. Kb1 a5 14. Ne4 Nxe4 15. Qxe4 Nf6 16. Qe2 b5 17. g4 Nh7 18. Rhg1 a4 19. Qe4 Qd5 20. Qxd5 cxd5 21. a3 f6 22. Rge1 Kf7 23. Re2 Ra6 24. Rde1 Re8 25. Nh2 Ng5 26. Bxg5 hxg5 27. Nf3 b4 28. axb4 Bxb4 29. Rd1 a3 30. Re3 Rea8 31. Rb3 axb2 32. Kxb2 Ra2+ 33. Kc1 Ra1+ 34. Rb1 Rxb1+ 35. Kxb1 Bc3 36. Nxg5+ fxg5 37. Rd3 Ra1# 0-1

[Event "VIE-ch (Women)"]
[Site "Hanoi"]
[Date "2024.03.12"]
[Round "3"]
[White "Do, Ha Trang"]
[Black "Vu, Thi Yen Chi"]
[Result "1-0"]
[WhiteElo "1690"]
[BlackElo "1542"]
[PlyCount "99"]
[EventDate "2024.03.11"]
[EventType "swiss"]
[EventRounds "9"]
[EventCountry "VIE"]
[SourceTitle "CB13_2024"]
[SourceDate "2024.03.27"]
[SourceVersion "1"]
[SourceVersionDate "2024.03.27"]
[SourceQuality "1"]

1. e4 e6 2. d4 d5 3. exd5 exd5 4. Bd3 Bd6 5. Nf3 Nf6 6. 0-0 0-0 7. h3 h6 8. Re1 Be6 9. Be3 Re8 10. Nbd2 Nbd7 11. c3 c6 12. Qc2 Qc7 13. Re2 Re7 14. Rae1 Rae8 15. Nf1 Nf8 16. Bc1 Bc8 17. Nh4 Nh5 18. Nf5 Rxe2 19. Bxe2 Nf4 20. Nxd6 Qxd6 21. Bxf4 Qxf4 22. Qd2 Qxd2 23. Nxd2 Bf5 24. Kf1 Ng6 25. g4 Bc2 26. Nf3 Nf4 27. Ng1 Nxe2 28. Nxe2 Bd3 29. f3 f6 30. Kf2 Bxe2 31. Rxe2 Rxe2+ 32. Kxe2 Kf7 33. f4 Ke6 34. f5+ Ke7 35. a4 a5 36. b4 b6 37. Ke3 Kd6 38. h4 Ke7 39. Ke2 Kd6 40. Kd3 Kd7 41. c4 axb4 42. cxd5 cxd5 43. Kc2 Kd6 44. Kb3 Kc7 45. Kxb4 Kc6 46. a5 b5 47. h5 Kb7 48. Kxb5 Ka7 49. Kc5 Ka6 50. Kxd5 1-0